Windows 3.0 : a definitive guide for DOS users
| Main Author: | |
|---|---|
| Format: | Book |
| Published: |
Reading,Massachusetts :
Addison-Wesley Publishing Co.Inc. ,
1990
|
| Subjects: |
MARC
| LEADER | 00000cam a2200000 7i4500 | ||
|---|---|---|---|
| 001 | 0000008140 | ||
| 002 | 000008880 | ||
| 005 | 20000330.0 | ||
| 020 | |a 020155030X | ||
| 090 | 0 | 0 | |a 005.3 |b VOS |
| 100 | 1 | |a Vose, Michael | |
| 245 | 0 | 0 | |a Windows 3.0 : |b a definitive guide for DOS users |c Michael Vose |
| 260 | |a Reading,Massachusetts : |b Addison-Wesley Publishing Co.Inc. , |c 1990 | ||
| 300 | |a 224 p. ; |c 23 cm. | ||
| 650 | 0 | 0 | |a Windows (Computer programs) |
| 999 | |a 021519 |b BUKU |c PINJAMAN |e PERPUSTAKAAN KOMUNITI PETALING JAYA | ||